000 00281nam a2200097Ia 4500
001 1228752
005 20250827093048.0
008 250824s9999 xx 000 0 und d
245 0 _aECENİN ÇORAPLARI ÇOK GÜLÜNÇ
_cGÜLTEN DAYIOĞLU
260 _bALTIN KİTAPLAR
999 _c1228752
_d1228752